000 00659nam a22002657a 4500
003 UA-OsUOA
001 25992
007 ta
008 20040507b un ||||| |||| 00| 0 ukr d
100 _aШвец Е.Я.
700 _aКузнецова И.М.
090 _a53(075.8)
_bШ34
942 _cBK
040 _aUA-OsUOA
_brus
_cUA-OsUOA
_dUA-OsUOA
245 _aСтатистическая физика
_bУчебное пособие
300 _a142 с.
955 _a0
041 _arus
080 _a53(075.8)
020 _a966-7101-56-8
260 _aЗапорожье
_bЗГИА
_c2003
044 _aUA
650 7 _2UDC
999 _c312300
_d312300